[Event "Donner Memorial"]
[Site "Amsterdam"]
[Date "1996.08.17"]
[Round "1"]
[White "Ivanchuk, Vassily"]
[Black "Hodgson, Julian M"]
[Result "1-0"]
[WhiteElo "2730"]
[BlackElo "2550"]
[Annotator "Schulz,Andre"]
[PlyCount "55"]
[EventDate "1996.08.17"]
[EventType "tourn"]
[EventRounds "11"]
[EventCountry "NED"]
[EventCategory "16"]
[SourceTitle "CBM 055"]
[Source "ChessBase"]
[SourceDate "1996.12.01"]
[SourceVersion "1"]
[SourceVersionDate "1996.12.01"]
[SourceQuality "1"]

1. e4 {Petursson Ftacnik Boensch Kortschnoj Rogozenko Johnson,M HarZvi} c5 2.
Nf3 d6 3. d4 cxd4 4. Nxd4 Nf6 5. Nc3 g6 6. Be3 Bg7 7. f3 O-O 8. Qd2 Nc6 9.
O-O-O d5 10. exd5 Nxd5 11. Nxc6 bxc6 12. Nxd5 {the main line is of course 12.
Bd4 but this is also an interesting move. Recent years players with White
played exclusive 12.Bd4.The move made by Ivanchuk reminds that there is also
another way to create problems for Black.} (12. Bd4 {Kortschnoj Das ist der
Normalzug.} e5 13. Bc5 $14) 12... cxd5 13. Qxd5 {Diese Variante hat Weiß aus
der Mottenkiste hervorgezaubert und möchte Sie jetzt nochmal leicht entstaubt
zur Diskussion stellen. another possible move is 13.Bh6 This is known to give
black a strong attack for the pawn} (13. Bh6 {HarZvi} Bxh6 14. Qxh6 Rb8 (14...
Qa5 $5) 15. h4 Bf5 16. Bd3 Qb6 (16... Bxd3 17. Rxd3 e6 18. h5 Rb7 19. Rb3 {
1/2-1/2 Har-Zvi,R-Alterman,B Zagreb zt 1993}) 17. b3 Qf6 18. Kb1 e6 19. h5 Rb7
20. hxg6 {1-2/1-2 Kuzmin,A-Tiviakov,S Belgorod GMA-qual 1989}) 13... Qc7 14.
Qc5 (14. Qxa8 Bf5 15. Qxf8+ Kxf8 {gilt als günstig für Schwarz. Läuferpaar und
Dame werden in der Lage sein, den weißen Königsflügel dauerhaft zu beunruhigen.
} 16. Rd2 h5 $1 $15 {HarZvi}) 14... Qb8 $5 {the main line is Qb7} (14... Qb7 {
Wird als die bessere Variante angesehen.} 15. b3 (15. Qa3 Bf5 16. Ba6 Qc7 17.
Qc5 Qb6 $1 18. Qxb6 axb6 19. Bc4 (19. Bd3 Bxd3 20. Rxd3 Rxa2 $10 {Tolnai,
T-Palkovi,J/Siofok Hungaroil (08) 1990/1-0 (52)}) 19... Rfc8 20. Bb3 Rxa2 21.
Rd8+ Rxd8 22. Bxa2 $10 {is the old well known line from the game
Ravinsky-Beilin USSR 1955}) (15. Bd4 {Boensch} Bf5 16. Bxg7 Rfc8 17. Qxc8+ Qxc8
18. Bc3 Qc5 $15 {0-1 Bjerring,K-Summerscale,A/Groningen op ;EXP 50 1995 (47)})
(15. Qb5 Qc7 16. Qc5 {1/2-1/2 Smirin,I-Shirov,A/Wijk op (12) 1993}) 15... Bf5
16. Bd3 Rfc8 {Rogozenko} (16... Bxd3 $6 {HarZvi} 17. Rxd3 Qa6 18. Kb1 Rac8 (
18... Rfc8 19. Qxe7 Rxc2 20. Rd8+ Rxd8 21. Qxd8+ Bf8 22. Kxc2 Qxa2+ 23. Kc3 $18
) 19. Qxa7 $1 (19. Qxe7 Rxc2 $1 20. Kxc2 Qxa2+ 21. Kd1 Qb1+ 22. Ke2 Qxh1 $15)
19... Qf6 (19... Qc6 20. c4 Ra8 21. Qb6 Qc8 22. Rhd1 Ra6 23. Qc5 Qa8 24. R1d2 {
1-0 Baranovski-Kuma Corr 1990/91}) 20. Bd4 Qc6 21. c4 Ra8 22. Qb6 Qxb6 23. Bxb6
Rxa2 24. Kxa2 Ra8+ 25. Kb1 Ra1+ 26. Kc2 Ra2+ 27. Kd1 Ra1+ 28. Ke2 Rxh1 29. Rd8+
Bf8 30. c5 {1-0 Baranovski,T-Czaplinski,P [Konikovski] Corr 1992}) (16... Rac8
17. Qa5 (17. Qxa7 Qb5 $3 (17... Bxd3 18. Qxb7 Rxc2+ 19. Kb1 Rb2+ {1/2-1/2
Rychagov,A-Savchenko,S/URS-OT56 Barnaul/1988/}) 18. Bxf5 Qxf5 19. c4 Ra8 20.
Qc5 Qf6 21. Qd4 Rxa2 22. Qxf6 Bxf6 $19) 17... Rc3 18. Bxf5 Rxe3 19. Be4 Qb8 {
White is struggling to survive. However, this game casts some doubt on
previous assessments, it would seem that 14...Qb8 is perhaps equal to 14...Qb7
One of the most important positions in the 12.Nd5 line.In my opinion Black has
good compensation, but only the future practice will show if this statement is
true.} 20. g3 Qc8 21. h4 (21. g4 Qb8 22. Qg5 Rxe4 23. fxe4 Qb4 24. Rd3 Qa3+ 25.
Kd1 Qxa2 26. Rf1 $16 {Thiele-Hollis/corr/1981-82/}) 21... h5 22. Rhg1 a6 23.
Rd5 Qe6 24. Rd8 Rxd8 25. Qxd8+ Kh7 26. Qc7 f5 27. Qc5 Rc3 28. Qd5 Qb6 {0-1/
Smirin-Bassin/ USSR 1984}) 17. Qa3 {Ftacnik} (17. Qa5 Bxd3 (17... Bc3 18. Qb5
Qxb5 19. Bxb5 a5 20. a4 e5 21. g4 Be6 22. Bd7 Rc7 23. Bxe6 fxe6 24. Rd3 Rac8
25. Rhd1 $16 {Dejko-Basin,corr.1984}) (17... Qc6 18. Bxf5 gxf5 19. c4 e5 20.
Rd5 f4 21. Bc5 Qg6 22. Rhd1 Bf6 23. Rd7 a6 24. Be7 {1-0 Dworakowska,
J-Paasikangas,J/EU-chJW Svitavy (06)/1993/ (32)}) 18. Rxd3 Qc6 19. c4 Qf6 20.
Bd4 e5 21. Bb2 h5 (21... Qf5 22. Rhd1 Qf4+ 23. Kb1 Qxh2 24. Rd7 Qxg2 25. Rxf7
Rf8 26. Rxg7+ Kxg7 27. Qxe5+ Kh6 28. Qg7+ Kg5 29. Bc1+ {1-0 Hugentobler,
P-Georg,Mi/Zuerich op/1994/}) 22. Kb1 Qf5 23. Rhd1 Rd8 24. Qd2 Bh6 25. Qc2 Rxd3
26. Qxd3 (26. Rxd3 $16 {Ftacnik}) 26... Rd8 27. Qxf5 Rxd1+ 28. Kc2 Rd2+ 29. Kc3
gxf5 {0-1 Petri,P-Ballmann,M/WchJ Baguio/1987/ (32)}) 17... Qc7 18. Bxf5 gxf5
19. c4 Qe5 20. Bd2 Rab8 21. Rhe1 Qd4 22. Kc2 Rxc4+ 23. bxc4 Rb2+ 24. Kc1 Qxc4+
25. Bc3 Bxc3 26. Qxb2 Bxb2+ 27. Kxb2 Qb4+ {0-1 Schlotter,D-Heinemann,D/RLNS
8889/1989/ (36)}) 15. b3 (15. Qa3 Be6 (15... a5 16. Bd3 Be6 17. Be4 Ra6 {
Dabrowska-Bednarska,94} 18. Bd5 Rc8 19. Bxe6 Rxe6 20. Rd3 Qc7 21. c3 Rxe3 22.
Rxe3 Bh6 23. Rhe1 Qe5 $17) (15... Bf5 {Rogozenko} 16. g4 $1 {Using the fact
that Black Queen is on b8 and cannot attack the f3 pawn.} Be6 17. Ba6 Qc7 18.
Bd4 $16 {Hovde F.-Herschel,corr.86} (18. Bd4 {Ftacnik} Rab8 19. Bxg7 Kxg7 20.
Kb1 Rb6 21. b3 Rfb8 22. Bd3 $16 {Hovde-Herschel/corr/1986/})) 16. Kb1 a6 (16...
Rc8 $5 17. Ba6 Rc3 18. Rd8+ Qxd8 19. bxc3 Rb8+ 20. Kc1 Qc7 $17) 17. Bc1 Qc7 18.
b3 a5 19. Bb2 a4 20. b4 Bxb2 21. Qxb2 a3 22. Qc1 (22. Qa1) 22... Qc3 23. b5 Ra4
{0-1 Haenggi,P-Salzgerber,F/Zuerich op2 1992}) 15... Bf5 (15... a5 $1 16. Qb6
Qe5 17. Bd4 Qf4+ 18. Be3 Qe5 {Sapi/ Schneider}) 16. Bd3 (16. Ba6 Qb6 {
Rogozenko: The same position arises in the variation 12.Nd5 cd5 13.Qd5 Qc7 14.
Qc5 Qb7 15. Qa3 Bf5 16.Ba6 Qc7 17.Qc5 Qb6=, with the difference that pawn is
on b2.The circumstance that pawn is on b3, was fatal for White in the
following game} 17. Qxb6 (17. Bd3 Qf6) 17... axb6 18. Bd3 Rxa2 19. Bxf5 Bc3 {
0-1 Cross,T-Stein,A/USA-op Los Angeles 1991 0-1 Cross,T-Stein,A USA-op Los
Angeles 1991 0:1,Cross T.-Stein A./USA/91 0-1 Cross,T-Stein,A/USA-op Los
Angeles 1991 0-1 Cross,T-Stein,A/USA-op Los Angeles/1991/}) 16... Rc8 17. Qa5 (
17. Qxe7 Re8 18. Qg5 Qe5 19. Bxf5 Qb2+ 20. Kd2 gxf5 $13) 17... Rc3 $1 $146 {
?HarZvi: Hodgsons idea is simply not working since white will take the rook on
a8, and defend his position without big problems A new move in this position,
as far as is known this move has only been played in the 14...Qb7 variation
Improving on Evans-Padevsky, Havana 1964:} (17... Bc3 18. Qb5 (18. Qa4 $16)
18... Qd6 19. Kb1 Bd7 20. Qa6 Qe5 21. Be4 Bb5 22. Qa3 Bc6 23. Bxc6 Rxc6 24. Rd3
Qc7 25. Rhd1 Bf6 26. Bh6 Re8 27. Qa4 Qe5 28. c3 Rcc8 29. h3 Qh5 30. Be3 Qf5 31.
Kb2 h5 32. Bd4 e5 33. g4 Qf4 34. Bxa7 e4 35. fxe4 Rxe4 36. Bd4 Re2+ 37. Ka1 Rc2
38. gxh5 Rc1+ 39. Kb2 Rxd1 40. Rxd1 Qf3 41. Re1 Bxd4 42. Qxd4 {Evans,
LM-Padevsky,N/Havana Capablanca 1964/1-0 (62)}) (17... Bxd3 18. Rxd3 Rc6 $16)
18. Bxf5 (18. Kb1 {Kortschnoj} Bxd3 (18... Qc8 19. Bxf5 gxf5 20. Bd4 Bxd4 21.
Rxd4 Rxc2 22. Rhd1 $14) 19. Rxd3 Rxd3 20. cxd3 Qd6 $44) 18... Rxe3 (18... gxf5
$2 {Boensch} 19. Bd2 Rc6 20. Qxf5 Qd6 21. c3 Qa3+ 22. Kb1 Rb8 23. Bc1 Rxb3+ 24.
axb3 Qxb3+ 25. Bb2 $18) 19. Be4 {Now the difference becomes clear, the
position of the black rook on a8 instead of f8 forces Black to offer the
sacrifice of a whole rook but the attack should be strong enough to keep Black
on top} Qf4 $13 (19... Rxe4 20. fxe4 Qf4+ 21. Kb1 $18 (21. Kb1 {Ftacnik} Qxe4
22. Rhe1 $16)) 20. Bxa8 {Accepting the rook appears dubious, objectively
perhaps 20.g3 or 20.Kb1 was more prudent, for example} (20. Rd8+ Rxd8 21. Qxd8+
Bf8 22. Kb1 (22. Qd2 $2 {Rogozenko} Bh6 23. Kd1 Rxe4 24. Qd8+ Kg7 25. fxe4 Qc1+
26. Ke2 Qxh1 $19) 22... Re2 $44) (20. Kb1 $5 $13) (20. g3 {Johnson,M} Qf6 21.
Rd8+ (21. Bxa8 Qb2+ 22. Kd2 Qd4+ (22... Bc3+ {Boensch} 23. Kxe3 Bxa5 24. Be4
$10) 23. Kc1 Qb2+ $10) 21... Rxd8 22. Qxd8+ Bf8 23. Kb1 Qc3 24. g4 Re2 {
Black has sufficient compensation for the pawn but it's not clear that he has
any more}) (20. Kb1 Qf6 {with similar play} (20... Rf8 {Rogozenko} 21. Rd8 Re2
22. Rhd1 $5 $13 (22. g3 Qe3 23. Rhd1 Rxh2 $13)) (20... h5 {Boensch} 21. Bxa8
Qf6 22. Qd8+ (22. c3 Rxc3 {Black is not worse!} 23. Rd2 Rc8 $19) 22... Kh7 23.
Rd4 (23. Qd4 {Petursson} Qxd4 24. Rxd4 Bxd4 $44) 23... Qxd4 24. Qxd4 Bxd4 25.
Rd1 Bc3 $44)) 20... Rxb3+ $2 {A terrible mistake which loses, correct was} (
20... Rd3+ $142 $1 {Verhindert Dd8+. Das ist der Unterschied zu 20...Tb3} 21.
Kb1 (21. Rd2 Bc3 22. Qxc3 (22. Qa3 {Rogozenko} Rxd2 23. Kb1 $8 Bf6 $17) 22...
Rxc3 $17 (22... Rxc3 {Johnson,M} 23. g3 (23. Re1 $15 {Ftacnik}) 23... Qe3 24.
Kd1 Rc8 25. Be4 Qc3 26. Ke2 f5 27. Bd5+ Kg7 28. Rhd1 e6 29. Bc4 Kf6 30. a4 g5 {
when White is running out of moves and has no satisfactory defence to ...f4}))
21... Qd4 {when} 22. Qd8+ (22. c3 $2 Rxd1+ 23. Rxd1 Qxd1+ 24. Kb2 Qd2+ 25. Ka3
(25. Kb1 Bxc3 26. Qa3 Qd3+ (26... Qxg2 $17) 27. Kc1 Bd2+ 28. Kb2 Qc3+ 29. Kb1
Bf4 {and White will be mated in a few moves}) 25... Bxc3 {is very good for
Black}) 22... Qxd8 23. Rxd3 Qa5 (23... Qxa8 24. Rhd1 Qb7 (24... Qc6 25. Rd8+
Bf8 26. Rb8 Qc7 (26... Kg7 {Rogozenko} 27. Rdd8 Qc7 28. Rxf8 Qxh2 $19) (26...
Qc5 {Kortschnoj} 27. Rdd8 Qg1+ 28. Kb2 Qxg2 29. Rxf8+ Kg7 30. Rg8+ Kf6 31. Rb7
Qxh2 32. Rxa7 Qe5+ $15) 27. Rdd8 Qxh2 28. Rxf8+ Kg7 29. g4 h5 $1 {Black has
the initiative}) 25. Rd8+ Bf8 26. Re8 $13 (26. Re8 Qc7 27. Rdd8 Qxh2 28. Rxf8+
Kg7 29. g4 (29. Rg8+ $5 Kf6 30. Rd2 h5 31. c4 h4 32. Rh8 Kg7 33. Rhd8 $13 {
Schulz,A}) 29... h5 30. gxh5 gxh5 $17 {/-+; M.W. Johnson:" Black is close to
win"})) 24. Rhd1 h5 $13) (20... Re5+ {HarZvi} 21. Qd2) 21. Rd2 Rb8 (21... Bc3
22. Qd8+ $18 (22. Qd8+ {Boensch} Kg7 23. axb3 $18)) 22. Bd5 $18 Bh6 (22... Qe3
{HarZvi with the idea Bc3} 23. Bb3 $1 Bc3 24. Qd5) (22... Qf6 {Kortschnoj} 23.
c3 Rc8 24. Rc2 $18) (22... Qe5 23. Bxf7+ (23. c3 e6 $132) 23... Kxf7 24. Qxe5
Bxe5 25. c3 Bf4 26. Rhd1 $16) 23. Rhd1 Qd4 {Instead, Black could have won the
rook back! But White should still win:} (23... Qf6 $1 24. c3 $8 Qf5 {the
difference is that in the game black's queen was on this digonal [h7-b1] but
on d3 and white played Bb3 with an easy win,now this move is not possible!} 25.
Bxf7+ $8 Kxf7 (25... Qxf7 26. Qxa7) 26. Qxf5+ gxf5 $16 {/+-}) 24. c3 {White
has just enough defence} Qd3 (24... Bxd2+ 25. Rxd2 (25. Kc2 {Petursson} e6 $3
$10 26. Bb3 Rd8) 25... Qg1+ 26. Rd1 Qxg2 27. Bb3 Qxf3 28. Rd8+ Rxd8 29. Qxd8+
Kg7 30. Qxe7 Qxc3+ 31. Kd1 $18) 25. Bb3 Rd8 (25... Rc8 {Boensch} 26. Bc2 (26.
c4 Qd4 27. Kc2 $18) 26... Rxc3 27. Kb1 $18) 26. c4 {maybe this is what black
had missed} e5 (26... Be3 {Kortschnoj} 27. c5 Kg7 28. c6 $18) 27. c5 e4 28.
fxe4 (28. fxe4 Rc8 29. Kb2 $18) 1-0

[Event "Donetzk zt"]
[Site "Donetsk"]
[Date "1998.11.11"]
[Round "9"]
[White "Moroz, Alexander"]
[Black "Ovsejevitsch, Sergei"]
[Result "1/2-1/2"]
[WhiteElo "2490"]
[BlackElo "2500"]
[Annotator "Schulz,Andre"]
[PlyCount "99"]
[EventDate "1998.11.02"]
[EventType "swiss"]
[EventRounds "11"]
[EventCountry "UKR"]
[SourceTitle "CBM 068"]
[Source "ChessBase"]
[SourceDate "1999.02.01"]
[SourceVersion "1"]
[SourceVersionDate "1999.02.01"]
[SourceQuality "1"]

1. e4 {Hecht} c5 2. Nf3 d6 3. d4 cxd4 4. Nxd4 Nf6 5. Nc3 g6 6. Be3 Bg7 7. f3
O-O 8. Qd2 Nc6 9. O-O-O d5 10. exd5 Nxd5 11. Nxc6 bxc6 12. Bd4 e5 13. Bc5 Be6 (
13... Re8 14. Nxd5 $5) 14. Ne4 Re8 {Bis hierhin alles Standard. Mit den
Einzelbauern a7 und c6 sieht die schwarze Stellung positionell minderwertig
aus, aber es ist nicht so schlimm. Das schwarze Gegenspiel beruht einerseits
auf Angriffsmöglichkeiten am Damenflügel, er hat aber auch die sehr wertvollen
Stützpunkte d4 und d5.} 15. Bc4 ({Die Hauptvariante ist} 15. h4 h6 16. g4)
15... Qc7 16. g4 Rad8 (16... h6 17. h4 Rad8 18. g5 h5 19. Qf2 Ra8 20. Bd6 Qb6
21. Bc5 Qc7 22. Bd6 Qb6 {1/2-1/2 Pollinger,M-Mandl,R/Bayern 1987/EXT 87ch2 (22)
}) 17. Qe1 $2 (17. Qf2 $142 {verbindet die Türme und drückt auf der Diagonalen
f2-a7.}) 17... Nf4 18. Bd6 Qb6 19. Bxe6 ({Zur Zugwiederholung führt} 19. Bc5
Qb8 (19... Qb7 $2 20. Bxe6 Nxe6 21. Nd6 Rxd6 22. Bxd6 e4 23. c3 $18) (19... Qc7
$11) 20. Bd6 Qb6 $11) 19... Nxe6 20. Rd3 $2 {Weiß vergisst den Ld6, was sich
Schwarz sofort zunutze macht.} (20. Ba3 $142) 20... c5 $1 {Ruck-Zuck steckt
Weiß im Schlamassel. Es droht f7-f5, der Td3 und die De1 stehen schlecht. Der
Ld6 ist hochgradig gefährdet.} 21. Qc3 (21. Qf2 f5) 21... f5 22. gxf5 gxf5 23.
Bxc5 Qa6 $1 ({Nach} 23... Rxd3 $2 {bekommt Schwarz keinen Preis:} 24. cxd3 Nxc5
25. Nxc5 Rc8 26. b4 a5 27. a3 axb4 28. axb4 Rb8 29. Rg1 Qxb4 30. Qxb4 Rxb4 31.
Ne6 Rb7 32. Rg5 $16) 24. Rxd8 Rxd8 25. Nd2 Rc8 ({Zu gefahrlosem Vorteil führt} 
25... Qxa2 26. Qa3 (26. Nb3 $4 Nxc5 27. Qxc5 Bh6+ 28. f4 Bxf4+ 29. Nd2 Qa1#)
26... Qxa3 27. Bxa3 Bh6 28. Bb4 (28. Rd1 Nd4 $19) (28. Rg1+ Kf7 29. Rg2 Rxd2
30. Rxd2 Nd4 31. Kd1 Bxd2 32. Kxd2 Nxf3+ 33. Kc3 Nxh2 $19) 28... Nd4 $17) 26.
b4 Qxa2 27. Rg1 Nd4 {[%cal Rd4e2]} 28. Qd3 Kh8 29. f4 Qa1+ 30. Nb1 e4 $19 {
Schwarz steht klar auf Gewinn und muß jetzt nur noch energisch den Sack
zumachen.} 31. Qc4 Nf3 ({Sehr klar sieht} 31... Ne2+ 32. Qxe2 Qb2+ 33. Kd2 Rxc5
34. bxc5 Qd4+ 35. Ke1 Qxg1+ 36. Qf1 Qxc5 $19 {aus.}) 32. Rxg7 Qxg7 33. Qe6 Rxc5
({Nach} 33... Rd8 34. Qxf5 {ist der schwarze Gewinn auch nicht in trockenen
Tüchern.} ({Nicht} 34. Be7 $2 Rd1+ 35. Kxd1 Qg1+ 36. Ke2 Qe1#)) 34. bxc5 (34.
Qe8+ Qg8 35. Qxg8+ Kxg8 36. bxc5 Kf7 $19 (36... Nxh2 37. c6 $18)) 34... Qg1+
35. Kb2 Qxc5 {Hecht: '[#] Die Abseitsstellung des schwarzen Königs erwschwert
den Gewinn. Analysefall!'} 36. Qe8+ Kg7 37. Qd7+ Kh6 38. c3 {Immer noch steht
Schwarz auf Gewinn, er muß nur die Gefahr des ewigen Schach bannen.} e3 (38...
Nxh2 $5 39. Qe6+ $140 Kh5 40. Qf7+ Kg4) 39. Na3 Qb6+ {Läßt den Bauern f5
ungedeckt.} (39... e2 $2 {scheiterte an} 40. Qe6+) (39... Nxh2 $5 {Hecht}) 40.
Ka2 e2 41. Nc2 e1=Q (41... Qa5+ $2 42. Kb2 e1=Q 43. Qd6+ Kh5 44. Nxe1 Nxe1 45.
Qd1+ $11) 42. Nxe1 Nxe1 43. Qxf5 Qf2+ (43... Qg6 $5 {Hecht} 44. Qh3+ Kg7) 44.
Kb3 Nf3 45. Qf6+ Kh5 46. Qf5+ Kh4 47. Qxh7+ Kg4 48. Qd7+ Kxf4 49. Qf7+ Ke4 50.
Qh7+ (50. Qh7+ Ke3 (50... Ke5 51. Qe7+ Kf4 52. Qf7+ $11) 51. Qxa7+ Ke2 52.
Qxf2+ Kxf2 $11) 1/2-1/2

[Event "Hamburg HSK"]
[Site "Hamburg"]
[Date "1996.??.??"]
[Round "3"]
[White "Wahls, Matthias"]
[Black "Rogozenco, Dorian"]
[Result "1-0"]
[WhiteElo "2540"]
[BlackElo "2525"]
[Annotator "Schulz,Andre"]
[PlyCount "91"]
[EventDate "1996.10.03"]
[EventType "tourn"]
[EventRounds "9"]
[EventCountry "GER"]
[EventCategory "9"]
[SourceTitle "CBM 056"]
[Source "ChessBase"]
[SourceDate "1997.02.01"]
[SourceVersion "1"]
[SourceVersionDate "1997.02.01"]
[SourceQuality "1"]

1. e4 {Kortschnoj Rogozenko} c5 2. Nf3 d6 3. d4 cxd4 4. Nxd4 Nf6 5. Nc3 g6 6.
Be3 Bg7 7. f3 Nc6 8. Qd2 O-O 9. O-O-O d5 (9... Nxd4 {Stefan Sievers vom
Hamburger Schachklub hat mich dankenswerterweise auf einen Fehler in meinen
Kommentaren zu dieser Variante in CBM 55 aufmerksam gemacht, den ich hier
korrigieren möchte:} 10. Bxd4 Be6 11. Kb1 Qc7 12. h4 Rfc8 13. h5 Qa5 14. a3 (
14. hxg6 $142) 14... Nxh5 $1 (14... Nxh5 15. Bxg7 Kxg7 16. g4 Nf6 17. Qh6+ Kg8
18. Nd5 $1 {war meine Anmerkung in CBM 55, die leider falsch ist denn Schwarz
kann besser spielen.}) 15. Bxg7 Kxg7 16. g4 Rxc3 $1 {Diesen Zug hatte ich
übersehen.} 17. gxh5 (17. bxc3 $2 Qxa3 $40) 17... Rc5 $15 {Schwarz hat einen
Bauern mehr und Weiß nur noch wenig Angriffschancen.}) 10. Kb1 $1 {In CBM 48
hat M.Wahls zu diesem Zug einen Übersicht veröffentlicht. Es droht Wegnahme
des Bauern d5, der Zug Kb1 erweist sich dann in vielen Varianten als günstig.
Schwarz hat keinen vergleichbaren Wartezug.} Nxd4 (10... e5 $2 11. Nxc6 bxc6
12. exd5 Nxd5 13. Nxd5 cxd5 14. Qxd5 {und im Vergleich zu 10.exd5 kann Schwarz
jetzt nicht Qc7 mit der Idee Bf5 spielen, weil auf c2 kein Matt droht.}) (10...
Rb8 $5) (10... e6 {Rogozenko} 11. Bb5 Nxd4 12. Bxd4 dxe4 13. fxe4 a6 14. Be2
Qc7 15. Qg5 $14 {Istratescu-Marin/Bucharest/96.}) 11. e5 $1 {Dieser
Zwischenzug ist die eigentliche Pointe von 10.Kb1} (11. Bxd4 dxe4 {bereitet
Schwarz keine Sorgen.}) 11... Nxf3 (11... Nd7 12. Bxd4 e6 13. f4 $16 {begräbt
die Seele des schwarzen Spiels, den Bg7, während Weiß mit h2-h4-h5 eine klare
Angriffsperspektive hat.}) 12. gxf3 Nh5 (12... Nd7 13. Nxd5 Bxe5 14. Bg5 f6 15.
Bh6 {Weiß hat starken Druck auf der d-Linie und die schwarze Dame hat keine
vernünftigen Entwicklungsfelder.} e6 16. f4 Bb8 17. h4 Re8 18. Bb5 Kf7 19. Nxf6
Qxf6 20. Bg5 Re7 21. Bxd7 Bxf4 22. Bxf6 Bxd2 23. Bxe7 Bxd7 24. Ba3 {1-0 Ljukin,
S-Hachian,M/Moscow6 1995}) 13. Nxd5 (13. Qxd5 $5 $14 {Wahls}) (13. Qxd5 {
Rogozenko} Qc7 14. f4 Bg4 15. Be2 Bxe2 16. Nxe2 Rad8 17. Qc5 Qxc5 18. Bxc5 Bh6
19. Bxe7 Rxd1+ 20. Rxd1 Re8 21. Bc5 {0,5 Brodsky-Marin/Bucharest/95.}) 13...
Be6 (13... Z0 14. Nf6+ $140) (13... Kh8 $2 14. Bc5 $16 (14. Bh6 $36 {Kortschnoj
})) (13... e6 {Kortschnoj} 14. Nf6+ Bxf6 15. exf6 Qxd2 16. Rxd2 b6 17. Bh6 Bb7
18. Bxf8 Kxf8 $44) 14. f4 (14. Bc4 {Rogozenko} Bxd5 15. Bxd5 $14 {
Sziebert-Schneider A./Budapest/95.}) 14... Bxd5 (14... f6 15. Bc4 Z0 16. Qb4
$140 $18) 15. Qxd5 Qxd5 (15... Qc7 16. Be2 $16) 16. Rxd5 $14 {Damit ist die
Eröffnung zu Ende und schon gleich ein Endspiel enstanden, bei dem Weiß mit
dem Läuferpaar und der Bauernmehrheit am Damenflügel im Vorteil ist. Das
Unangenehme für Schwarz an diesem Abspiel ist, daß er fast forciert ohne
Angriffschancen in ein schlechteres Endspiel geraten ist. Im Drachen möchte
man doch eigentlich Matt setzen.} Bh6 17. Rb5 (17. Bc4 {Rogozenko} Bxf4 18.
Bxf4 Nxf4 19. Rd7 e6 20. Rxb7 Rfc8 21. b3 Rc5 22. Rd1 a5 23. Rdd7 Rf8 24. Rb5
Rfc8 25. Rbb7 Rf8 26. Rb5 Rfc8 {0,5 Svicevic-Ristic/Tivat/95.}) 17... Rad8 $2 (
17... b6 $5 18. Rb4 Rfd8 (18... f6 $15 {Rogozenko}) (18... Rad8 {Kortschnoj}
19. Be2 Ng7 $14) 19. Be2 Ng7 $132) (17... Bxf4 18. Bxf4 Nxf4 19. Rxb7 Rfd8 20.
Kc1 Kf8 21. Ba6 $14) 18. Be2 (18. Bg2 {Rogozenko} b6 19. Rb4 f6 $15) 18... b6 (
18... Bxf4 19. Bxa7 $16) (18... Nxf4 19. Rxb7 $16 (19. Rxb7 {Rogozenko} Nxe2
20. Bxh6 Rfe8 21. Re1 Nd4 22. Rxa7 $18)) 19. Bxh5 gxh5 20. a4 Rd7 21. Rg1+ {
With the king on h8 there are additional mate threats.The position is hopeless
for Black.} Kh8 22. a5 bxa5 23. Rxa5 Rc8 24. e6 $1 fxe6 25. Rxa7 Rcd8 (25...
Rxa7 $2 26. Bd4+ $18 (26. Bd4+ {Rogozenko} Bg7 27. Bxg7+ Kg8 28. Bd4+ $18)) 26.
Rxd7 Rxd7 27. Re1 (27. Z0 e5 $141) (27. c4 {Kortschnoj} e5 $132) 27... Bg7 28.
Bc1 Kg8 29. c4 Rd3 30. Rxe6 Kf7 31. Re2 h4 32. Kc2 Rh3 33. Be3 {[%csl Rh3]} Ke8
34. b4 Kd7 35. Kd3 e5 36. f5 Bh6 37. Ke4 Bxe3 38. Rxe3 Rxh2 39. Kxe5 h3 40. Kf6
Rh1 (40... h5 {Rogozenko} 41. Kf7 Rf2 42. f6 h2 43. Rh3 $18) 41. Re7+ Kd6 42.
Rxh7 h2 43. Rh6 Kd7 44. b5 Kd6 45. b6 Kc6 46. c5 (46. c5 {Rogozenko} Kb7 47.
Rh7+ Kc6 48. b7 Rb1 49. Rxh2 Rxb7 50. Kg6 Kxc5 51. f6 $18) 1-0